000 01018nam a22002897a 4500
003 MX-MxUPN
005 20240910132829.0
008 240829s2021 ag ||||fr|||| 00| 0 spa d
020 _a9788418095788
040 _aMX-MxUPN
_bspa
_cMX-MxUPN
041 _aspa
050 4 _aLB1117
_bN64 2021
100 1 _953502
_aNogueira, Guillermo Javier
245 1 3 _aEl niño problema :
_bun desafio para padres, docentes y profesionales
250 _aPrimera Edición
260 _aBuenos Aires ;
_aBarcelona :
_bMiño y Dávila editores,
_c2021.
300 _a301 páginas
490 0 _aColección retardo mental y educacion especial
504 _aIncluye bibliografía.
650 7 _912088
_aNiños problema
650 4 _951855
_aNiños con problemas de aprendizaje
_xEducación
650 2 _9362
_aAutismo
650 0 _953508
_aTrastorno por déficit de atención con hiperactividad
902 _aGCH290824
_bMaríaRobles/100924
942 _2lcc
_cLIBRO
_n0
999 _c211695
_d211695